LIBRARY & INFORMATION CENTRE, KCAET, TAVANUR

ONLINE PUBLIC ACCESS CATALOGUE (OPAC)

Normal view MARC view
  • Rolle, Rosa

Entry Personal Name

Number of records used in: 1

001 - CONTROL NUMBER

  • control field: 3329

003 - CONTROL NUMBER IDENTIFIER

  • control field: OSt

005 - DATE AND TIME OF LATEST TRANSACTION

  • control field: 20180925120558.0

008 - FIXED-LENGTH DATA ELEMENTS

  • fixed length control field: 180925|| aca||aabn | a|a d

040 ## - CATALOGING SOURCE

  • Original cataloging agency: OSt
  • Transcribing agency: OSt

100 ## - HEADING--PERSONAL NAME

  • Personal name: Rolle, Rosa

670 ## - SOURCE DATA FOUND

  • Source citation: Work cat.: (OSt): Rolle, Rosa, Good practice for the small scale production of bottled coconut water, 2007
free website counter